00638nam a2200181Ia 4500001001000000003000500010008004100015010001100056040000900067100002900076245009900105260003500204300001000239502008700249650004100336650002900377710005000406Para_1265CHAP220125s1998 xx 000 0 und d a199973 cCHAP aPérez López, Abdón aControl químico de la maleza en lechuga (Lactuca sativa L.) /c por Abdón Pérez López aChapingo, Méx. :b El autor a43 p. aTesis (Ing. Agr. Esp. en Parasitología Agrícola), UACh. Depto. Parasitología aLechuga x malas hierbas x control  aMalas hierbas x control aUACh. Departamento Parasitología Agrícola